|
|
|
|
| LEADER |
00000naa2a2200000 4500 |
| 001 |
174731 |
| 005 |
20231031164910.0 |
| 035 |
|
|
|a (RuTPU)RU\TPU\book\189478
|
| 090 |
|
|
|a 174731
|
| 100 |
|
|
|a 20100203d2009 k y0rusy50 ca
|
| 101 |
0 |
|
|a rus
|
| 102 |
|
|
|a RU
|
| 200 |
1 |
|
|a Оценка перспективности инвестиций в ИТ по методике TVO
|f Д. В. Штоллер
|g науч. рук. А. А. Захарова
|
| 320 |
|
|
|a Библиогр.: 2 назв.
|
| 463 |
|
0 |
|0 (RuTPU)RU\TPU\book\182778
|t Прогрессивные технологии и экономика в машиностроении
|o труды XIII региональной научно-практической конференции студентов и учащейся молодежи , 9-10 апреля 2009 г., Юрга
|f Томский политехнический университет (ТПУ), Юргинский технологический институт (ЮТИ) ; Прогрессивные технологии и экономика в машиностроении ; отв. за вып. Д. А. Чинахов
|v С. 152-154
|d 2009
|p 357 с.
|
| 610 |
1 |
|
|a инвестиции
|
| 610 |
1 |
|
|a оценка
|
| 610 |
1 |
|
|a совокупная ценность возможностей
|
| 610 |
1 |
|
|a качественные модели
|
| 610 |
1 |
|
|a проекты
|
| 610 |
1 |
|
|a стратегия
|
| 610 |
1 |
|
|a бизнес-процессы
|
| 610 |
1 |
|
|a окупаемость
|
| 610 |
1 |
|
|a архитектура
|
| 610 |
1 |
|
|a риски
|
| 610 |
1 |
|
|a труды учёных ТПУ
|
| 700 |
|
1 |
|a Штоллер
|b Д. В.
|
| 702 |
|
1 |
|a Захарова
|b А. А.
|4 727
|
| 801 |
|
1 |
|a RU
|b 63413507
|c 20100203
|
| 942 |
|
|
|c BK
|